<?xml version="1.0" encoding="UTF-8"?>
<record
    xmlns:xsi="http://www.w3.org/2001/XMLSchema-instance"
    xsi:schemaLocation="http://www.loc.gov/MARC21/slim http://www.loc.gov/standards/marcxml/schema/MARC21slim.xsd"
    xmlns="http://www.loc.gov/MARC21/slim">

  <leader>01179nam a22001937a 4500</leader>
  <controlfield tag="008">120424t        xxu||||| |||| 00| 0 eng d</controlfield>
  <datafield tag="020" ind1=" " ind2=" ">
    <subfield code="a">0801821363 9780801821363 </subfield>
  </datafield>
  <datafield tag="050" ind1=" " ind2=" ">
    <subfield code="a">HD9000.6. W89</subfield>
  </datafield>
  <datafield tag="100" ind1=" " ind2=" ">
    <subfield code="a">Wortman, Sterling.</subfield>
  </datafield>
  <datafield tag="245" ind1=" " ind2=" ">
    <subfield code="a">To feed this world : the challenge and the strategy. /</subfield>
    <subfield code="c">Sterling, Wortman</subfield>
  </datafield>
  <datafield tag="260" ind1=" " ind2=" ">
    <subfield code="a">Baltimore : </subfield>
    <subfield code="b">Johns Hopkins University Press,</subfield>
    <subfield code="c">&#xA9;1978.</subfield>
  </datafield>
  <datafield tag="300" ind1=" " ind2=" ">
    <subfield code="a">xiv, 440 p. :</subfield>
    <subfield code="b"> ill. ; </subfield>
    <subfield code="c"> 24 cm.</subfield>
  </datafield>
  <datafield tag="500" ind1=" " ind2=" ">
    <subfield code="a">Includes bibliographical references and index.</subfield>
  </datafield>
  <datafield tag="505" ind1=" " ind2=" ">
    <subfield code="a">Contents: Overview of the food-poverty-population problem -- The Ominous food deficits -- From Evolution to revolution in agriculture -- A World perspective: adequacy of physical resources -- Decade of awakening -- The World assistance community mobilizes -- New Focus on food crops and animals -- Toward forced - pace campaigns -- The Basic strategy -- Land tenure and enterprises -- Research with payoff -- Inputs, finance, marketing ,and prices -- Expediting training -- Toward more effective assistance.</subfield>
  </datafield>
  <datafield tag="650" ind1=" " ind2=" ">
    <subfield code="a">Food supply </subfield>
    <subfield code="x"> Developing countries. </subfield>
  </datafield>
  <datafield tag="650" ind1=" " ind2=" ">
    <subfield code="a">Agriculture</subfield>
    <subfield code="x"> Developing countries. </subfield>
  </datafield>
  <datafield tag="700" ind1=" " ind2=" ">
    <subfield code="a">Cummings, Ralph W. Jr.</subfield>
  </datafield>
  <datafield tag="942" ind1=" " ind2=" ">
    <subfield code="2">lcc</subfield>
    <subfield code="c">BK</subfield>
  </datafield>
  <datafield tag="999" ind1=" " ind2=" ">
    <subfield code="c">751</subfield>
    <subfield code="d">8251</subfield>
  </datafield>
  <datafield tag="952" ind1=" " ind2=" ">
    <subfield code="0">0</subfield>
    <subfield code="1">0</subfield>
    <subfield code="2">lcc</subfield>
    <subfield code="4">0</subfield>
    <subfield code="7">0</subfield>
    <subfield code="a">WIUC-1</subfield>
    <subfield code="b">WIUC-1</subfield>
    <subfield code="c">GEN</subfield>
    <subfield code="d">2012-04-24</subfield>
    <subfield code="l">0</subfield>
    <subfield code="o">HD9000.6. W89</subfield>
    <subfield code="p">1659/12</subfield>
    <subfield code="r">2012-04-24 00:00:00</subfield>
    <subfield code="t">1</subfield>
    <subfield code="w">2012-04-24</subfield>
    <subfield code="y">BK</subfield>
  </datafield>
</record>
